| 000 | 00787nam a2200253 a 4500 | ||
|---|---|---|---|
| 001 | 62243 | ||
| 003 | BD-RjUL | ||
| 005 | 20211209081047.0 | ||
| 008 | 170123s1994 nyua b 000 0 eng d | ||
| 020 | _a0415907810 (hard : acidfree paper) | ||
| 035 | _a(BD-RjUL)62369 | ||
| 040 |
_aBD-RjUL _cBD-RjUL _dBD-RjUL _beng |
||
| 041 | _aeng | ||
| 082 | 0 | 0 |
_a801.95 _223 _bNEW 1994 |
| 245 | 0 | 4 |
_aThe New historicism reader / _cedited by H. Aram Veeser. |
| 260 |
_aNew York : _bRoutledge, _c1994. |
||
| 300 |
_avii, 376 p. : _bill. ; _c23 cm. |
||
| 504 | _aIncludes bibliographical references (p. 370-375). | ||
| 650 | 0 |
_aCriticism. _9170811 |
|
| 650 | 0 |
_aNew Historicism. _9185147 |
|
| 700 | 1 |
_aVeeser, H. Aram _q(Harold Aram), _d1950- _9185148 |
|
| 942 |
_2ddc _cBK |
||
| 999 |
_c62243 _d62243 |
||